Movies Quiz

Random Movies or Actor Quiz

Films by Characters in Other Films Quiz Stats

 Plays Quiz Updated Nov 19, 2018

Support Sporcle.
Go Orange.
Score 0/18 Timer 06:00
2 Plays Today
Year Film % Correct
2003Pirates of the Caribbean: The Curse of the Black Pearl
63.4%
1994Pulp Fiction
56.3%
1995Toy Story
52.4%
1999Fight Club
51.2%
2006The Prestige
42.1%
2001Zoolander (and The Royal Tenenbaums)
41.3%
1972The Godfather
39.2%
1989Indiana Jones and the Last Crusade
38.9%
2004Eternal Sunshine of the Spotless Mind
37%
Year Film % Correct
1976Taxi Driver
35.3%
1984Ghostbusters
33.3%
1994The Shawshank Redemption
32.8%
2004Million Dollar Baby
27.7%
1982Rocky III
22%
1994The Lion King
18.9%
1976All the President's Men
15.2%
1991Boyz n the Hood
14.9%
1978Invasion of the Body Snatchers
3.2%

From the Vault

25 Years of Television Beginnings III

by qlh27

Here's to 25 more years of Cookie running the show.
Remove Ads.
Support Sporcle.
Get the best of Sporcle when you Go Orange. This ad-free experience offers more features, more stats, and more fun while also helping to support Sporcle. Thank you for becoming a member.

Show Comments

Extras

Top Quizzes Today


Score Distribution

Your Account Isn't Verified!

In order to create a playlist on Sporcle, you need to verify the email address you used during registration. Go to your Sporcle Settings to finish the process.

Report this User

Report this user for behavior that violates our Community Guidelines.

Details: